01310nam a2200301Ia 4500001001200000003000800012006001900020007001500039008004100054010001700095020001500112020001800127040002100145035002100166050002700187100001900214245014200233260006600375300003100441504005400472533015200526650002700678650007300705650005800778655002900836710001700865856012600882ebr10605366CaPaEBRm u cr cn|||||||||950505s1995 ja ab sb 000 0 eng d z 96171028  z9280808591 z9789280808599 aCaPaEBRcCaPaEBR a(OCoLC)77880452714aHD1698.J58bW65 1996eb1 aWolf, Aaron T.10aHydropolitics along the Jordan Riverh[electronic resource] :bscarce water and its impact on the Arab-Israeli conflict /cAaron T. Wolf. aTokyo ;aNew York :bUnited Nations University Press,cc1995. aviii, 272 p. :bill. maps. aIncludes bibliographical references (p. 260-272). aElectronic reproduction.bPalo Alto, Calif. :cebrary,d2011.nAvailable via World Wide Web.nAccess may be limited to ebrary affiliated libraries. 0aJewish-Arab relations. 0aWater resources developmentxPolitical aspectszJordan River Valley. 0aWater-supplyxPolitical aspectszJordan River Valley. 7aElectronic books.2local2 aebrary, Inc.40uhttp://site.ebrary.com/lib/rucke/Doc?id=10605366zAn electronic book accessible through the World Wide Web; click to view